000 00461pab a2200157 454500
008 180718b2007 xxu||||| |||| 00| 0 eng d
100 _aBannister, Frank
245 _aThe curse of the benchmark: an assessment of the validity and value of e-government comparisons
260 _c2007
300 _ap.171-88.
362 _aJun
650 _aElectronic governance
773 _aInternational Review of Administrative Sciences
908 _aN
909 _a75723
999 _c75723
_d75723